Θέματα νεοελληνικής ιστορίας : Γ' ενιαίου λυκείου (θεωρητική κατεύθυνση)

Αποθηκεύτηκε σε:
Λεπτομέρειες βιβλιογραφικής εγγραφής
Κύριος συγγραφέας: Γατσωτής, Παναγιώτης
Μορφή: Βιβλίο
Γλώσσα:Greek
Δημοσίευση: Αθήνα : Μεταίχμιο, 1999
Θέματα:
Ετικέτες: Προσθήκη ετικέτας
Δεν υπάρχουν, Καταχωρήστε ετικέτα πρώτοι!

MARC

LEADER 00000cam a2200000 i 4500
001 1/68448
008 071218s1999 gre d
020 |a 960-375-042-5 
035 |l 10093231 
040 |a GR-MY-UA  |b gre  |e aacr 
041 0 |a gre 
082 0 |a 938.506  |2 (21) 
100 1 |a Γατσωτής, Παναγιώτης. 
245 1 0 |a Θέματα νεοελληνικής ιστορίας :  |b Γ' ενιαίου λυκείου (θεωρητική κατεύθυνση) /  |c Παναγιώτης Γατσωτής 
260 |a Αθήνα :   |b Μεταίχμιο,   |c 1999 
300 |a 257 σ.;  |b εικ.;  |c 24 εκ. 
650 0 |a History  |x Study and teaching (Secondary)  |z Greece. 
651 0 |a Greece  |x Economic conditions  |x History  |x Study and teaching (Higher) 
651 0 |a Greece  |x Economic conditions  |y 19th century  |x Study and teaching (Higher) 
852 |a INST  |b RHODES  |e 20071218  |h 938.506 ΓΑΤ  |p 005400024912  |q 005400024912  |t BK  |y 0 
901 |a BIBL4-2007-3 
970 |a ΜΙΣΣΟΣ  |b ΣΤΑΥΡΟΣ  |z 2007/12/18